USA Or Canada - Click Quiz - Statistics

General Stats
  • This quiz has been taken 210 times
  • The average score is 13 of 16
Answer Stats
Hint Answer % Correct
National sport is ice hockey Canada
95%
Has a maple leaf on its flag Canada
95%
Has 50 states United States
95%
Has more people United States
94%
Capital is Ottawa Canada
93%
Has Quebec Canada
92%
Is closer to Iceland Canada
92%
Higher obesity rate United States
92%
Has a more populated city United States
91%
Gained independence in 1776 United States
88%
Has a less dense population Canada
84%
Touches Lake Michigan United States
81%
Has more land area Canada
80%
Is closer to Russia United States
70%
More Winter Olympic gold medals United States
60%
Is farthest east United States
42%
No matching quizzes found
Score Distribution
Percent of People with Each Score
Percentile by Number Answered
Your Score History
You have not taken this quiz